000 00635nam a2200193 i 4500
001 80847
003 ES-MaACL
005 20250712024116.0
007 t|
008 041029s1967 sp ||||1| spa d
100 1 _aHoria, Vintila (
_d1915-1992)
_964193
245 1 3 _aEl despertar de la sombra /
_cVintila Horia ; [traducción del rumano por Antonio Iglesias Laguna].
260 _aMadrid :
_bEditora Nacional,
_c1967.
300 _a298 p. ;
_c22 cm.
700 1 _aIglesias Laguna, Antonio,
_d1927-1972
_965122
852 _aES-MaACL
_jC-32301
_bR.62672
852 _aES-MaACL
_jC-32302
_bR.62818
999 _c80847
_d80847